Os 15 principais países com mortes por Covid19 - 17 de junho - Statistics

Estatísticas Gerais
  • Esse quiz foi jogado 8 vezes
  • A pontuação média é 13 de 20
Estatísticas das Respostas
país % Correto
Estados Unidos
100%
Itália
100%
Alemanha
88%
Brasil
88%
França
88%
Índia
88%
Reino Unido
88%
Rússia
88%
Canadá
75%
Espanha
75%
México
75%
Suécia
75%
Suíça
63%
Bélgica
38%
Irão
38%
Irlanda
38%
Chile
25%
Países Baixos
25%
Equador
13%
Peru
13%
Nenhum quiz correspondente encontrado
Distribuição das Pontuações
Porcentagem de Pessoas com Cada Pontuação
Percentil de Números Respondidos
Sua Pontuação Histórica
Você não jogou esse quiz